Ante-proyecto para la constitución de una Federación de Cooperativas Comunitarias de Producción Agropecuaria y de Servicios Múltiples R.L.

Salvato in:
Dettagli Bibliografici
Natura: testo
Pubblicazione: s.n.t. :
Tags: Aggiungi Tag
Nessun Tag, puoi essere il primo ad aggiungerne!!

MARC

LEADER 00000 a a2200000 04500
001 16642
003
040
090 |a 011800  
245 |a Ante-proyecto para la constitución de una Federación de Cooperativas Comunitarias de Producción Agropecuaria y de Servicios Múltiples R.L.  
260 |a s.n.t. :  
300 |a 50 p.  
999 |c 16763  |d 16763